000 01675nam a2200241Ia 4500
003 Ost
005 20260507074936.0
008 260507s9999||||xx |||||||||||||| ||und||
040 _cfsecg
041 _aara
082 _a658.403
100 _aالصفار، احمد عبد اسماعيل
_eمؤلف
245 0 _aبحوث العمليات تطبيقات على الحاسوب /
_c احمد عبد اسماعيل الصفار
260 _aعمان:
_bدارالمناهج,
_c2006
300 _a592 صفحة؛
_bإيضاحات ؛
_c24 سم
504 _aبيبليوغرافيا ص.587
520 _aاشتمل كتابنا بحوث العمليات تطبيقات على الحاسوب على سبعة عشر فصلا تناول فيها اهم المواضيع التي تهم القارئ في مجال الأعمال والصناعة والتسويق والأفراد كالبرمجة الخطية ونظرية القرارات ونذكرها بالتسلسل التالي بحوث العمليات تطبيقات على الحاسوب ، ادارة الأعمال، الحواسيب-دور التحليل الكمي في عملية اتخاد القرارات-نظرية القرارات-شجرة القرار-التنبؤ-البرمجية-الطريقة المبسطة-البرمجة الخطية-نموذج النقل-مشكلة التخصيص-التحليل الشبكي-تحليل ماركوف-نظرية المباريات-المحاكاة
653 _aادارة الاعمال
653 _aبحوث العمليات
653 _aحاسوب
700 _aالتميمي، ماجدة عبد اللطيف
_eمؤلف ثانوي
942 _cكتاب
999 _c41889
_d41889